| 000 | 00898nam a22002777a 4500 | ||
|---|---|---|---|
| 001 | BR8108063 | ||
| 003 | BR-BrBNA | ||
| 005 | 20230928091132.0 | ||
| 007 | ta | ||
| 008 | 230509b bl.||||| |||| 00| 0 por d | ||
| 040 |
_aBR-BrBNA _bpor _cBiblioteca Nacional de Agricultura |
||
| 041 | _a(Por) | ||
| 072 | _aE10 | ||
| 090 | _ E10 BR8108063 | ||
| 100 | 1 | _aSantos, J.V. dos | |
| 110 | 1 |
_aUniversidade Federal de Vicosa, MG (Brasil) _0Tese (Magister Scientiae) |
|
| 245 | 1 | _aAnalise da distribuicao espacial de atividades e utilizacao de recursos da agricultura na microrregiao de Colatina; Estado do Espirito Santo 1975-1976 [Brasil] | |
| 260 | 3 |
_aVicosa, MG (Brasil): _c1981. |
|
| 300 | _a150 p. | ||
| 500 | _a76 tables; 19 ref.; Summary (Por) | ||
| 650 | _aANALISE ECONOMICA | ||
| 650 | _aCOLATINA | ||
| 650 | _aESPIRITO SANTO | ||
| 909 |
_a202309 _bLucia _c55 _dLucia Elande |
||
| 942 | _cBK | ||
| 999 |
_c32413 _d32413 |
||